Thuật xử thế của người xưa
Bàn về lòng tự ái, hữ lễ của Á Đông, ân và oán, đạo cương nhu...
Đã lưu trong:
| Príomhúdar: | |
|---|---|
| Formáid: | Leabhar |
| Teanga: | Undetermined |
| Foilsithe: |
Thành phố Hồ Chí Minh
Trẻ
2014
|
| Ábhair: | |
| Clibeanna: |
Cuir Clib Leis
Gan Chlibeanna, Bí ar an gcéad duine leis an taifead seo a chlibeáil!
|
| Thư viện lưu trữ: | Trung tâm Học liệu Trường Đại học Cần Thơ |
|---|
| LEADER | 00723nam a2200205Ia 4500 | ||
|---|---|---|---|
| 001 | CTU_200844 | ||
| 008 | 210402s9999 xx 000 0 und d | ||
| 020 | |c 30000 | ||
| 082 | |a 158 | ||
| 082 | |b C121 | ||
| 100 | |a Nguyễn, Duy Cần | ||
| 245 | 0 | |a Thuật xử thế của người xưa | |
| 245 | 0 | |c Nguyễn Duy Cần | |
| 260 | |a Thành phố Hồ Chí Minh | ||
| 260 | |b Trẻ | ||
| 260 | |c 2014 | ||
| 520 | |a Bàn về lòng tự ái, hữ lễ của Á Đông, ân và oán, đạo cương nhu... | ||
| 650 | |a Conduct of life,Life skills,Thuật xử thế,Kỹ năng sống | ||
| 904 | |i Nguyên | ||
| 980 | |a Trung tâm Học liệu Trường Đại học Cần Thơ | ||